Movies Quiz

Random Movies Quiz
Score 0/20 Timer 10:00
0 Plays Today
% Correct
Superbad
98.9%
Kung Fu Panda
98.9%
Pineapple Express
96.7%
This Is the End
95.6%
The 40-Year-Old Virgin
93.3%
Step Brothers
91.1%
The Interview
90%
Neighbors
87.8%
Knocked Up
87.8%
The Green Hornet
86.7%
% Correct
Funny People
81.1%
Paul
80%
50
78.9%
Monsters vs. Aliens
76.7%
Observe and Report
67.8%
The Night Before
66.7%
22 Jump Street
65.6%
The Guilt Trip
60%
Steve Jobs
57.8%
anchorman
35.6%
Come Together.
Have Fun.
All Virtual.
We all need to come together. Play Sporcle's virtual live trivia to have fun, connect with people, and get your trivia on. Join a live hosted trivia game for your favorite pub trivia experience done virtually. If a virtual private party is more your thing, go here for details.

You're not logged in!

Compare scores with friends on all Sporcle quizzes.
OR
Log In

Sporcle TV

Today on Sporcle TV


Watch our educational content, quiz creation guides, and fun videos on Sporcle TV.

Show Comments

Extras

Created Jan 18, 2016ReportNominate
Tags:seth, Seth Rogen

Top Quizzes Today


Score Distribution

Paid Content

Your Account Isn't Verified!

In order to create a playlist on Sporcle, you need to verify the email address you used during registration. Go to your Sporcle Settings to finish the process.

Report this User

Report this user for behavior that violates our Community Guidelines.

Details: